000 00350nam a2200145Ia 4500
008 191201s2005 xx 000 0 und d
082 _a629.2
_bJAA
100 _aJAIN, K K
245 0 _aAutomobile Engineering
250 _a2nd
260 _aN.Delhi
_bTata Mc Graw Hill Pub co. Ltd
_c2005
300 _a509
650 _aB.Tech(ME)
942 _2ddc
_cBK
999 _c1114
_d1114